000 00519nab a2200181 a 4500
001 17834
003 43926
005 20201118095649.0
008 ||||||n9999 ||| || ||
100 _aLaurelli, Elsa
245 0 _aGrandes proyectos: estrategias de desarrollo y transformacion del territorio
300 _app. 65-80
562 _e0
650 _aPOLÍTICA TERRITORIAL
650 _aPOLÍTICAS DE DESARROLLO
773 _017652
_aRevista Interamericana de Planificacion - Vol.22 No.85
942 _cSART
999 _c17834
_d17834